000 00646nam a2200253Ia 4500
003 OSt
005 20221007065604.0
006 a|||||r|||| 00| 0
007 ta
008 221006b |||||||| |||| 00| 0 eng d
020 _cRs.175/-
024 _a9,647
037 _cTextual
040 _aFLL
_cFLL
_beng
041 _2eng
_aeng
082 _aZ2,2,4, P3
100 _aTewari H.N. Au.
_9681627
245 0 _aTransfer of property act
250 _a3rd
260 _aFaridabad
_bAllahabad law agency India
_c2003
300 _a456p
_ccm.
942 _hZ2,2,4, P3
_cTEXL
_2CC
999 _c1137747
_d1137747